Movies Quiz

Random Movies or Director Quiz
Score 0/29 Timer 09:00
0 Plays Today
Last Word of Film Titles The Director % Correct
Ring Towers King Journey ArmiesPeter Jackson
86.8%
Clones SithGeorge Lucas
79.4%
Hollow Factory Bride Wonderland ShadowsTim Burton
75%
Tomorrow Frankenstein Dracula Baskervilles Death Mummy Jekyll Fear Gorgon Darkness Heat OutTerence Fisher
63.2%
Musketeers Revenge MusketeersRichard Lester
55.9%
Mirrors You Divided Eagles Lady Nile HandleTerence Young
48.5%
Stupids HareJohn Landis
48.5%
Milan RiverJohn Gilling
47.1%
Plate MoonlightMichael Powell
47.1%
World BodyMario Bava
42.6%
Manchu Manchu Boudoir Dracula Flowers Eagles JudgeJesús Franco
41.2%
Dead FearJohn (Llewellyn) Moxey
41.2%
Manuela* GunGuy Hamilton
36.8%
3000 HotelHarry Hurwitz
36.8%
Blood SheRobert Day
35.3%
Last Word of Film Titles The Director % Correct
Dracula NightPeter Sasdy
35.3%
Horrors Skull Grave FleshFreddie Francis
33.8%
Box Again WarriorGordon Hessler
32.4%
1972 DraculaAlan Gibson
30.9%
Eye JocksSteve Carver
30.9%
Pirates Manchu Monk Manchu Places IslandDon Sharp
27.9%
Plate MoonlightEmeric Pressburger
27.9%
Manchu Dragons EveJeremy Summers
23.5%
Man TreeRobin Hardy
22.1%
V-1 AltarVernon Sewell
20.6%
Invincible BitchPhilippe Mora
19.1%
Milan StrangleholdLawrence Huntington
13.2%
Girl OrlacEdmond T. Gréville
11.8%
Girl MurderArne Mattsson
11.8%
Come Together.
Have Fun.
All Virtual.
We all need to come together. Play Sporcle's virtual live trivia to have fun, connect with people, and get your trivia on. Join a live hosted trivia game for your favorite pub trivia experience done virtually. If a virtual private party is more your thing, go here for details.

You're not logged in!

Compare scores with friends on all Sporcle quizzes.
OR
Log In

Sporcle TV

Today on Sporcle TV


Watch our educational content, quiz creation guides, and fun videos on Sporcle TV.

Show Comments

Extras

Top Quizzes Today


Score Distribution

Paid Content

Your Account Isn't Verified!

In order to create a playlist on Sporcle, you need to verify the email address you used during registration. Go to your Sporcle Settings to finish the process.

Report this User

Report this user for behavior that violates our Community Guidelines.

Details: